000 00419nam a2200169Ia 4500
005 20250131023749.0
008 240331s9999 xx 000 0 und d
020 _a8120609468
082 _bCOD
_a954
100 _aCodrington, H.W.
245 2 _aA short history of Ceylon
260 _aNew Delhi
_bAsian Educational Services
_c1929
300 _axxi, 202 p .,
650 _aBuddhism
650 _aSociety
942 _cL
999 _c3510
_d3510